00980cam a22002411 45000010005000000030008000050050017000130080039000300350018000690400037000870410008001240820016001321100104001482450073002522600075003253000035004004900077004355040041005126500053005538300017006067000049006238300066006725305BD-RjUL20211208234038.0131224s1957 ilua b 000 0 eng a(BD-RjUL)5341 aDLCcDLCdDLCdDLCdBD-RjULbeng aeng00a372.83bSOC2 aNational Society for the Study of Education.bCommittee on Social Studies in the Elementary School.00aSocial studies in the elementary school.cEdited by Nelson B. Henry. aChicago,bNSSE; distributed by the University of Chicago Press,c1957. axi, 320 p. :btables ;c24 cm.1 aYearbook of the National Society for the Study of Education, 56th, pt. 2 aIncludes bibliographical references. 0aSocial sciencesxStudy and teaching (Elementary) 0v56th, pt. 2.1 aHenry, Nelson B.q(Nelson Bollinger),d1883- 0aYearbook of the National Society for the Study of Education ;